José Asunción Silva /
Guardat en:
| Autor principal: | |
|---|---|
| Format: | Desconegut |
| Idioma: | English |
| Publicat: |
Boston :
Twayne Publishers,
1978.
|
| Matèries: | |
| Etiquetes: |
Afegir etiqueta
Sense etiquetes, Sigues el primer a etiquetar aquest registre!
|
MARC
| LEADER | 000000000a22000000004500 | ||
|---|---|---|---|
| 001 | 013674 | ||
| 041 | 0 | |a eng | |
| 082 | 0 | 4 | |a 861 |b O81j |
| 100 | 1 | |a Osiek, Betty Tyree | |
| 245 | 1 | 0 | |a José Asunción Silva / |c Betty Tyree Osiek. |
| 260 | 1 | |a Boston : |b Twayne Publishers, |c 1978. | |
| 300 | |a 186 páginas ; |c 21 cm. | ||
| 650 | 4 | |a SILVA, JOSE ASUNCION, 1865-1896 | |
| 650 | 4 | |a CRITICA | |
| 650 | 4 | |a INTERPRETACION | |
| 500 | |a Colección George Yúdice | ||
| 999 | |c 19591 |d 19591 | ||
| 942 | |c BK |h 861 O81j |2 z | ||
